Социализация молодежи и профилактика экстремизма в молодежной среде (Запись № 4542059)

Подробности
000 -МАРКЕР
контрольное поле 02757nam0a2200409 4500
001 - ИДЕНТИФИКАТОР ЗАПИСИ
контрольное поле RU\NLR\bibl\2041895
005 - ИДЕНТИФИКАТОР ВЕРСИИ
контрольное поле 20240605140312.0
010 ## - МЕЖДУНАРОДНЫЙ СТАНДАРТНЫЙ НОМЕР КНИГИ (ISBN)
Номер (ISBN) 978-5-94552-086-8
Тираж 100
021 ## - НОМЕР ГОСУДАРСТВЕННОЙ РЕГИСТРАЦИИ
Код страны Российская Федерация
Номер 2013-38102
Номер Листа государственной регистраци 2616
035 ## - ДРУГИЕ СИСТЕМНЫЕ НОМЕРА
Идентификатор записи (NLR Aleph) 002029183
100 ## - ДАННЫЕ ОБЩЕЙ ОБРАБОТКИ
Данные общей обработки 20130610d2013 km y0rusy50 ca
101 0# - ЯЗЫК РЕСУРСА
Язык текста, звукозаписи и т.д. русский
102 ## - СТРАНА ПУБЛИКАЦИИ ИЛИ ПРОИЗВОДСТВА
Страна публикации Российская Федерация
105 ## - ПОЛЕ КОДИРОВАННЫХ ДАННЫХ: ТЕКСТОВЫЕ МАТЕРИАЛЫ, МОНОГРАФИЧЕСКИЕ
Кодированные данные о монографическом текстовом документе a||||||||||||
200 1# - ЗАГЛАВИЕ И СВЕДЕНИЯ ОБ ОТВЕТСТВЕННОСТИ
Основное заглавие Социализация молодежи и профилактика экстремизма в молодежной среде
Сведения, относящиеся к заглавию монография
Первые сведения об ответственности [Казаков Н.А. , Максимова С.Г., Авдеева Г.С. и др.
Последующие сведения об ответственности гл. ред.: Романова Е.В. - к.филос.н., доц.]
-- Гл. упр. образования и молодеж. политики Алтай. края, Федер. гос. бюджет. образоват. учреждение высш. проф. образования "Рос. акад. нар. хоз-ва и гос. службы при Президенте Рос. Федерации" Алтай. фил.
210 ## - ПУБЛИКАЦИЯ, РАСПРОСТРАНЕНИЕ И ДР.
Место издания, распространения и т.д. Барнаул
Имя издателя, распространителя и т. д. Барнаульский юридический институт МВД России
Дата издания, распространения и т.д. 2013
215 ## - ФИЗИЧЕСКАЯ ХАРАКТЕРИСТИКА
Специфическое обозначение материала и объем 283, [8] с.
Другие сведения о физической характеристике ил., портр., карт.
Размеры 21
300 ## - ОБЩИЕ ПРИМЕЧАНИЯ
Текст примечания В конце кн. авт.: Казаков Н.А. - к.ист.н., доц., Максимова С.Г. - д.социол.н., проф., Авдеева Г.С. - к.психол.н.
300 ## - ОБЩИЕ ПРИМЕЧАНИЯ
Текст примечания Авт. указаны на обороте тит.л.
320 ## - ПРИМЕЧАНИЯ О НАЛИЧИИ В ДОКУМЕНТЕ БИБЛИОГРАФИИ / УКАЗАТЕЛЯ
Текст примечания Библиогр.: с. 272-283 (186 назв.) и в подстроч. примеч.
606 1# - НАИМЕНОВАНИЕ ТЕМЫ КАК ПРЕДМЕТ
Наименование темы Молодежь
Тематический подзаголовок Социально-психологические исследования
Код системы nlr_sh1
-- nlr_sh2
Идентификатор авторитетной/нормативной записи RU\NLR\AUTH\661248050
606 1# - НАИМЕНОВАНИЕ ТЕМЫ КАК ПРЕДМЕТ
Наименование темы Молодежь
Тематический подзаголовок Воспитание толерантности
Код системы nlr_sh2
Идентификатор авторитетной/нормативной записи RU\NLR\AUTH\661454490
686 1# - ИНДЕКСЫ ДРУГИХ КЛАССИФИКАЦИЙ
Индекс С550.325.1
686 1# - ИНДЕКСЫ ДРУГИХ КЛАССИФИКАЦИЙ
Индекс Ч313.352.15
701 #1 - ИМЯ ЛИЦА - АЛЬТЕРНАТИВНАЯ ОТВЕТСТВЕННОСТЬ
Начальный элемент ввода Казаков
Часть имени, кроме начального элемента ввода А. А.
Дополнения к именам, кроме дат канд. ист. наук
Даты 1962-
Расширение инициалов личного имени Александр Альбертович
Идентификатор авторитетной/нормативной записи RU\NLR\AUTH\7732310
701 #1 - ИМЯ ЛИЦА - АЛЬТЕРНАТИВНАЯ ОТВЕТСТВЕННОСТЬ
Начальный элемент ввода Максимова
Часть имени, кроме начального элемента ввода С. Г.
Расширение инициалов личного имени Светлана Геннадьевна
701 #1 - ИМЯ ЛИЦА - АЛЬТЕРНАТИВНАЯ ОТВЕТСТВЕННОСТЬ
Начальный элемент ввода Авдеева
Часть имени, кроме начального элемента ввода Г. С.
Расширение инициалов личного имени Галина Сергеевна
702 #1 - ИМЯ ЛИЦА - ВТОРИЧНАЯ ОТВЕТСТВЕННОСТЬ
Начальный элемент ввода Романова
Часть имени, кроме начального элемента ввода Е. В.
Дополнения к именам, кроме дат канд. филос. наук, физ. воспитание
Расширение инициалов личного имени Елена Вениаминовна
Идентификатор авторитетной/нормативной записи RU\NLR\AUTH\7792206
Код отношения Редактор
712 02 - НАИМЕНОВАНИЕ ОРГАНИЗАЦИИ - ВТОРИЧНАЯ ОТВЕТСТВЕННОСТЬ
Начальный элемент ввода Российская академия народного хозяйства и государственной службы
Структурное подразделение Алтайский филиал
Идентификатор авторитетной/нормативной записи RU\NLR\AUTH\8810225121
Код отношения Прочие
801 #0 - ИСТОЧНИК ЗАПИСИ
Страна Российская Федерация
Организация NLR
Дата составления 20130610
Правила каталогизации RCR
801 #1 - ИСТОЧНИК ЗАПИСИ
Страна Российская Федерация
Организация NLR
Дата составления 20130610
942 ## - ДОПОЛНИТЕЛЬНЫЕ ЭЛЕМЕНТЫ ЗАПИСИ (АБИС)
Тип экземпляра АБИС Книга
980 ## - КОЛЛЕКЦИЯ
Название коллекции НБР
980 ## - КОЛЛЕКЦИЯ
Название коллекции Национальная библиография

Нет доступных экземпляров.